[Event "BL 1415 Schachfr. Berlin - SV Hockenhei"]
[Site "?"]
[Date "2015.02.21"]
[Round "10.6"]
[White "Lauber, Arnd"]
[Black "Brunello, Sabino"]
[Result "0-1"]
[WhiteElo "2449"]
[BlackElo "2530"]
[PlyCount "52"]
[EventDate "2015.??.??"]

1. d4 d5 2. c4 c6 3. Nc3 Nf6 4. e3 Bf5 5. cxd5 cxd5 6. Qb3 Nc6 7. Qxb7 Bd7 8.
Qb3 Rb8 9. Qd1 e5 10. Nf3 Bd6 11. dxe5 Nxe5 12. Be2 O-O 13. O-O Qe7 14. Nd4
Rfc8 15. Ncb5 Bc5 16. a4 Ne4 17. Nb3 Bb6 18. f3 Nf6 19. a5 Rxc1 20. Qxc1 Nd3
21. axb6 Nxc1 22. Rfxc1 Qxe3+ 23. Kf1 Bxb5 24. Bxb5 Qxb3 25. bxa7 Qxb5+ 26. Kg1
Ra8 0-1

[Event "BL 1415 Schachfr. Berlin - SV Hockenhei"]
[Site "?"]
[Date "2015.02.21"]
[Round "10.7"]
[White "Paehtz, Elisabeth"]
[Black "Moreno Tejera, Emilio"]
[Result "0-1"]
[WhiteElo "2481"]
[BlackElo "2448"]
[PlyCount "158"]
[EventDate "2015.??.??"]

1. Nf3 Nf6 2. c4 g6 3. d4 Bg7 4. Nc3 d6 5. g3 O-O 6. Bg2 Nc6 7. O-O a6 8. Re1
Rb8 9. Rb1 Bf5 10. e4 Bg4 11. Be3 Nd7 12. Ne2 Na5 13. Nd2 Bxe2 14. Qxe2 Nc6 15.
Nb3 e5 16. dxe5 dxe5 17. Rbd1 Qe7 18. Rd5 Rfd8 19. Red1 Nf8 20. Bh3 Ne6 21.
Bxe6 fxe6 22. Rxd8+ Rxd8 23. Rxd8+ Nxd8 24. Qd2 Qe8 25. Nc5 Bf8 26. Nd7 Bg7 27.
Nc5 Bf8 28. Nd3 Nc6 29. b4 b5 30. Qc3 Qd7 31. Kg2 Bd6 32. a3 h5 33. h4 Kh7 34.
Bg5 Qe8 35. Bf6 Qa8 36. f3 Qf8 37. c5 Be7 38. Bxe5 Qd8 39. Nf2 Qd7 40. Bf4 Kg8
41. Qd3 Qxd3 42. Nxd3 Bd8 43. Kf2 a5 44. Ke3 axb4 45. axb4 Kf7 46. Be5 Ke8 47.
Kf4 Kf7 48. g4 Bxh4 49. Bxc7 Bf6 50. gxh5 gxh5 51. Bd6 Kg6 52. e5 Bg5+ 53. Ke4
Bd2 54. f4 h4 55. f5+ Kf7 56. fxe6+ Kxe6 57. Kf3 Nxb4 58. c6 Nxd3 59. c7 Nxe5+
60. Bxe5 Kd7 61. Bd6 Be1 62. Kg4 Bg3 63. Bb4 Kxc7 64. Kh3 Kc6 65. Bd2 Kd5 66.
Ba5 Ke4 67. Kg2 Be5 68. Kh3 Bf6 69. Bb4 Kf5 70. Ba5 Ke4 71. Bb4 Kd3 72. Kg4 Kc4
73. Bd6 Bd4 74. Kxh4 Bc5 75. Be5 b4 76. Kg4 b3 77. Bb2 Bd4 78. Ba3 Kd3 79. Kf3
Kc2 0-1

[Event "BL 1415 Schachfr. Berlin - SV Hockenhei"]
[Site "?"]
[Date "2015.02.21"]
[Round "10.8"]
[White "Thiede, Lars"]
[Black "Boguslavskyy, Oleg"]
[Result "1/2-1/2"]
[WhiteElo "2444"]
[BlackElo "2441"]
[PlyCount "102"]
[EventDate "2015.??.??"]

1. g3 e5 2. Bg2 Nc6 3. c4 g6 4. Nc3 Bg7 5. Nf3 d6 6. d3 f5 7. O-O Nf6 8. Rb1 a5
9. a3 O-O 10. b4 axb4 11. axb4 h6 12. b5 Ne7 13. Qb3 Be6 14. Bb2 g5 15. Ra1 Qd7
16. Nd2 c6 17. Ra4 Rxa4 18. Qxa4 f4 19. Qa7 Bh3 20. bxc6 Nxc6 21. Qa4 Bxg2 22.
Kxg2 g4 23. Nd5 Qf7 24. Nxf6+ Bxf6 25. Ne4 Be7 26. f3 gxf3+ 27. Rxf3 d5 28.
cxd5 Qxd5 29. gxf4 exf4 30. Qa1 Kh7 31. Kh1 Qe6 32. Qf1 Qg4 33. e3 Bg5 34. exf4
Ne7 35. Rg3 Qxf4 36. Nxg5+ hxg5 37. Qh3+ Kg8 38. Qh8+ Kf7 39. Qh5+ Ke6 40. Rxg5
Qf3+ 41. Qxf3 Rxf3 42. Rg3 Rxg3 43. hxg3 Kf5 44. Kg2 Kg4 45. Kf2 b5 46. Be5 b4
47. Ke2 Nc6 48. Bc7 b3 49. Kd2 b2 50. Kc2 Nb4+ 51. Kxb2 Nxd3+ 1/2-1/2

[Event "BL 1415 USV TU Dresden - SG Turm Trier"]
[Site "?"]
[Date "2015.02.21"]
[Round "10.2"]
[White "Bartel, Mateusz"]
[Black "Howell, David W L"]
[Result "1/2-1/2"]
[WhiteElo "2631"]
[BlackElo "2663"]
[PlyCount "83"]
[EventDate "2015.??.??"]

1. e4 e5 2. Nf3 Nc6 3. Bb5 a6 4. Ba4 Nf6 5. d3 d6 6. c3 g6 7. Bg5 h6 8. Bh4 Bg7
9. Nbd2 O-O 10. h3 b5 11. Bb3 Nb8 12. Nf1 Nbd7 13. Ne3 Bb7 14. g4 Nc5 15. g5
Nh5 16. Nd5 Bxd5 17. Bxd5 Nf4 18. gxh6 Bf6 19. Bg3 Ncxd3+ 20. Kf1 Nxb2 21. Qb3
Nxd5 22. Qxd5 Qe7 23. h4 Kh7 24. h5 g5 25. Nh2 Qe6 26. Qxe6 fxe6 27. Ng4 Be7
28. Ke2 c5 29. f3 Rab8 30. Rab1 Na4 31. Be1 Rb7 32. Bd2 Rfb8 33. Rbg1 Rg8 34.
Nf2 Bd8 35. Nh3 Kxh6 36. f4 exf4 37. Nxf4 Bf6 38. Rh3 c4 39. Rf3 Re7 40. Nh3
Be5 41. Rxg5 Kh7 42. Rxg8 1/2-1/2

[Event "BL 1415 USV TU Dresden - SG Turm Trier"]
[Site "?"]
[Date "2015.02.21"]
[Round "10.3"]
[White "Bobras, Piotr"]
[Black "Socko, Bartosz"]
[Result "1/2-1/2"]
[WhiteElo "2530"]
[BlackElo "2611"]
[PlyCount "100"]
[EventDate "2015.??.??"]

1. e4 c6 2. d4 d5 3. Nc3 dxe4 4. Nxe4 Bf5 5. Ng3 Bg6 6. h4 h6 7. Nf3 Nd7 8. h5
Bh7 9. Bd3 Bxd3 10. Qxd3 e6 11. Bd2 a5 12. O-O-O Bb4 13. c3 Be7 14. Qe2 Ngf6
15. Ne5 O-O 16. f4 Re8 17. f5 Bd6 18. fxe6 Rxe6 19. Nf5 Bxe5 20. dxe5 Rxe5 21.
Qf3 Qf8 22. g4 Qc5 23. Be3 Qc4 24. Bd4 Qe2 25. Qxe2 Rxe2 26. g5 Ng4 27. Rdg1 c5
28. Rxg4 cxd4 29. Rxd4 Nc5 30. gxh6 gxh6 31. Nxh6+ Kh7 32. Ng4 a4 33. Rf1 Kg8
34. Nf6+ Kh8 35. Rd2 Re6 36. Kc2 b5 37. Rf5 Rc8 38. h6 Rec6 39. h7 Ne6 40. Rxb5
a3 41. Rf5 axb2 42. Kxb2 Rxc3 43. Rg2 Ng7 44. a4 R3c6 45. Rf3 Rb6+ 46. Ka3 Rc1
47. Rb2 Ra1+ 48. Ra2 Rab1 49. Rc2 Ra1+ 50. Ra2 Rab1 1/2-1/2

[Event "BL 1415 USV TU Dresden - SG Turm Trier"]
[Site "?"]
[Date "2015.02.21"]
[Round "10.4"]
[White "Maiwald, Jens-Uwe"]
[Black "Cyborowski, Lukasz"]
[Result "1/2-1/2"]
[WhiteElo "2462"]
[BlackElo "2518"]
[PlyCount "44"]
[EventDate "2015.??.??"]

1. d4 d5 2. c4 e6 3. Nf3 Nf6 4. Nc3 Be7 5. Bf4 O-O 6. e3 Nbd7 7. Qc2 c5 8. cxd5
cxd4 9. exd4 Nxd5 10. Nxd5 exd5 11. Be2 Bb4+ 12. Bd2 Bxd2+ 13. Qxd2 Nf6 14. O-O
Bg4 15. Rfe1 Rc8 16. Ne5 Ne4 17. Qb4 Bxe2 18. Rxe2 Qc7 19. Rae1 Rfd8 20. Qb3 h6
21. h3 Ng5 22. f3 Ne4 1/2-1/2

[Event "BL 1415 USV TU Dresden - SG Turm Trier"]
[Site "?"]
[Date "2015.02.21"]
[Round "10.5"]
[White "Parligras, Mircea-Emilian"]
[Black "Boensch, Uwe"]
[Result "1/2-1/2"]
[WhiteElo "2583"]
[BlackElo "2541"]
[PlyCount "102"]
[EventDate "2015.??.??"]

1. d4 Nf6 2. c4 e6 3. Nf3 Bb4+ 4. Nbd2 b6 5. a3 Bxd2+ 6. Qxd2 Ba6 7. e3 d5 8.
b3 O-O 9. Bb2 Nbd7 10. Bd3 Bb7 11. O-O c5 12. Qe2 Re8 13. Rfd1 cxd4 14. exd4
dxc4 15. bxc4 Qc7 16. a4 Rac8 17. Ne5 Nxe5 18. dxe5 Qc6 19. f3 Nd7 20. Bxh7+
Kxh7 21. Qd3+ Kg8 22. Qxd7 a5 23. Rd6 Qxd7 24. Rxd7 Ba6 25. Bd4 Bxc4 26. Bxb6
Ra8 27. Rad1 Bd5 28. Rd4 Reb8 29. Rd6 Rc8 30. h4 Rc4 31. Rxc4 Bxc4 32. Rd4 Bd5
33. Rg4 Kh7 34. h5 Bb3 35. Rf4 Kg8 36. Rd4 Bd5 37. Kh2 Ra6 38. Bc7 Ra7 39. Bd6
Ra8 40. Rg4 Kh7 41. Bc7 Ra7 42. Bb6 Ra6 43. Bc5 Ra8 44. Be3 Rc8 45. h6 gxh6 46.
Rh4 Bb3 47. Kg3 Rc4 48. Rxh6+ Kg7 49. Rh1 Kg6 50. Rh6+ Kg7 51. Rh4 Rxh4 1/2-1/2

[Event "BL 1415 USV TU Dresden - SG Turm Trier"]
[Site "?"]
[Date "2015.02.21"]
[Round "10.6"]
[White "Gauglitz, Gernot"]
[Black "Gonda, Laszlo"]
[Result "1/2-1/2"]
[WhiteElo "2393"]
[BlackElo "2548"]
[PlyCount "141"]
[EventDate "2015.??.??"]

1. d4 Nf6 2. c4 e6 3. Nf3 c5 4. Nc3 cxd4 5. Nxd4 Bb4 6. g3 Ne4 7. Qc2 Nxc3 8.
bxc3 Be7 9. Bg2 d6 10. Rb1 Nd7 11. Bxb7 Bxb7 12. Rxb7 Qc8 13. Qb1 Nc5 14. Rb4
O-O 15. O-O f5 16. Qc2 Na6 17. Ra4 Nc5 18. Rb4 Na6 19. Rb1 Qxc4 20. Qb3 Qxb3
21. axb3 Kf7 22. c4 Rfc8 23. Ba3 Nc5 24. Rfc1 a6 25. b4 Ne4 26. Rc2 g6 27. f3
Nf6 28. Rbc1 Nd7 29. Kf2 Ne5 30. h3 Ra7 31. b5 axb5 32. Nxb5 Ra6 33. Bb2 Nd7
34. Bd4 Ra4 35. Be3 Ne5 36. c5 d5 37. Nd6+ Bxd6 38. cxd6 Rxc2 39. Rxc2 Nc4 40.
Bg5 Ke8 41. Rc1 Kd7 42. Be7 Ra7 43. f4 Nxd6 44. Bxd6 Kxd6 45. Rc8 e5 46. Rd8+
Ke6 47. fxe5 Re7 48. h4 Kxe5 49. Kf3 Kd4 50. Ra8 Kc3 51. Ra3+ Kc4 52. e3 Kc5
53. Ra8 Kd6 54. Ra6+ Ke5 55. Ra8 Rd7 56. Ra5 Kf6 57. Ra6+ Kg7 58. Ra4 Kh6 59.
Rd4 Kh5 60. Rd2 h6 61. Rd1 Rd8 62. Rd2 g5 63. hxg5 hxg5 64. Rd4 Kg6 65. g4 Kf6
66. gxf5 Kxf5 67. Rxd5+ Rxd5 68. e4+ Ke5 69. exd5 Kxd5 70. Kg4 Ke5 71. Kxg5
1/2-1/2

[Event "BL 1415 USV TU Dresden - SG Turm Trier"]
[Site "?"]
[Date "2015.02.21"]
[Round "10.7"]
[White "Jaracz, Pawel"]
[Black "Hoffmann, Paul"]
[Result "1/2-1/2"]
[WhiteElo "2503"]
[BlackElo "2349"]
[PlyCount "47"]
[EventDate "2015.??.??"]

1. d4 e6 2. Nf3 Nf6 3. c4 Bb4+ 4. Bd2 Qe7 5. g3 Nc6 6. Nc3 Bxc3 7. Bxc3 Ne4 8.
Rc1 O-O 9. Bg2 d6 10. d5 Nxc3 11. Rxc3 Nb8 12. dxe6 fxe6 13. Nd4 e5 14. Nc2 Nc6
15. O-O Be6 16. Ne3 Rae8 17. Nd5 Qd7 18. b4 Nd8 19. a4 c6 20. Ne3 Rf6 21. Rd3
Nf7 22. f3 Rg6 23. Rf2 Bh3 24. Rd2 1/2-1/2

[Event "BL 1415 USV TU Dresden - SG Turm Trier"]
[Site "?"]
[Date "2015.02.21"]
[Round "10.8"]
[White "Neef, Maximilian"]
[Black "Galyas, Miklos"]
[Result "0-1"]
[WhiteElo "2358"]
[BlackElo "2433"]
[PlyCount "96"]
[EventDate "2015.??.??"]

1. Nf3 f5 2. d4 Nf6 3. g3 g6 4. Bg2 Bg7 5. O-O O-O 6. b3 d6 7. Bb2 Ne4 8. c4
Nc6 9. Nc3 e5 10. dxe5 Nxc3 11. Bxc3 dxe5 12. Qd5+ Kh8 13. Qxd8 Rxd8 14. Ng5
Re8 15. Bxc6 bxc6 16. Rad1 e4 17. Nf7+ Kg8 18. Bxg7 Kxf7 19. Bh6 a5 20. Bf4 Ra7
21. a4 Rb7 22. Ra1 Be6 23. Rfc1 Rxb3 24. Bxc7 Ra8 25. c5 Rb4 26. Ra3 Bb3 27.
Rca1 Ke6 28. h4 Bd5 29. Rc1 Bb3 30. Rca1 Bc4 31. Rd1 Bxe2 32. Rd6+ Ke7 33. Ra1
Rb7 34. Rd2 Rxc7 35. Rxe2 Rb8 36. f3 Rb4 37. fxe4 fxe4 38. Rae1 Ke6 39. Rxe4+
Rxe4 40. Rxe4+ Kd5 41. Rf4 Kxc5 42. Kf2 Rb7 43. h5 gxh5 44. Kg2 Rd7 45. Kh3 Rd4
46. Rf5+ Kb4 47. Rxh5 Rd7 48. Rh4+ Kb3 0-1

[Event "BL 1415 Hamburger SK - SV Mülheim Nord"]
[Site "?"]
[Date "2015.02.21"]
[Round "10.1"]
[White "Landa, Konstantin"]
[Black "Kempinski, Robert"]
[Result "1/2-1/2"]
[WhiteElo "2650"]
[BlackElo "2625"]
[PlyCount "44"]
[EventDate "2015.??.??"]

1. d4 Nf6 2. Nf3 g6 3. g3 d5 4. Bg2 Bg7 5. O-O O-O 6. c4 c6 7. Qb3 Qb6 8. Nc3
Rd8 9. Rd1 Bf5 10. Ne1 dxc4 11. Qxc4 Na6 12. h3 e5 13. Nf3 Be6 14. Qa4 exd4 15.
Nxd4 Nc5 16. Qc2 Rxd4 17. Rxd4 Nb3 18. axb3 Qxd4 19. Be3 Qd7 20. Rd1 Qe7 21.
Na4 Bd5 22. Bd4 Bxg2 1/2-1/2

[Event "BL 1415 Hamburger SK - SV Mülheim Nord"]
[Site "?"]
[Date "2015.02.21"]
[Round "10.2"]
[White "Ernst, Sipke"]
[Black "Fridman, Daniel"]
[Result "1/2-1/2"]
[WhiteElo "2538"]
[BlackElo "2648"]
[PlyCount "72"]
[EventDate "2015.??.??"]

1. d4 d5 2. c4 e6 3. Nf3 Nf6 4. g3 Bb4+ 5. Bd2 Bd6 6. Nc3 Nc6 7. Bg2 dxc4 8.
Bg5 O-O 9. O-O Bd7 10. d5 Ne5 11. Nd4 h6 12. Bxf6 Qxf6 13. dxe6 fxe6 14. Qd2
Rab8 15. Rad1 Qe7 16. Ne4 Bb4 17. Qe3 Ba4 18. b3 cxb3 19. axb3 Bc6 20. Nxc6
Nxc6 21. Rc1 Rbd8 22. Nc5 Bxc5 23. Qxc5 Qxc5 24. Rxc5 Nd4 25. Bxb7 Nxe2+ 26.
Kg2 Rf7 27. Ba6 Rd2 28. Bc4 Nd4 29. Re5 Re7 30. Rfe1 Rf7 31. Rf1 Rb2 32. Rxe6
Nxe6 33. Bxe6 c5 34. Bxf7+ Kxf7 35. Rc1 Rxb3 36. Rxc5 Ra3 1/2-1/2

[Event "BL 1415 Hamburger SK - SV Mülheim Nord"]
[Site "?"]
[Date "2015.02.21"]
[Round "10.3"]
[White "Berelowitsch, Alexander"]
[Black "Svane, Rasmus"]
[Result "1/2-1/2"]
[WhiteElo "2537"]
[BlackElo "2512"]
[PlyCount "51"]
[EventDate "2015.??.??"]

1. e4 e6 2. d4 d5 3. Nd2 c5 4. exd5 Qxd5 5. Ngf3 cxd4 6. Bc4 Qd7 7. O-O Nc6 8.
Nb3 Nf6 9. Nbxd4 Nxd4 10. Nxd4 a6 11. Re1 Bc5 12. c3 b5 13. Bb3 Bb7 14. Bg5
Bxd4 15. cxd4 Qc6 16. f3 O-O 17. Bxf6 gxf6 18. Qd2 Qb6 19. Rad1 Rfd8 20. Kh1
Kg7 21. Qf4 Rd6 22. Qg4+ Kf8 23. Qh4 Kg7 24. Qg4+ Kf8 25. Qh4 Kg7 26. Qg4+
1/2-1/2

[Event "BL 1415 Hamburger SK - SV Mülheim Nord"]
[Site "?"]
[Date "2015.02.21"]
[Round "10.4"]
[White "Hansen, Sune Berg"]
[Black "Hausrath, Daniel"]
[Result "1-0"]
[WhiteElo "2571"]
[BlackElo "2512"]
[PlyCount "83"]
[EventDate "2015.??.??"]

1. d4 Nf6 2. c4 g6 3. Nc3 Bg7 4. e4 d6 5. h3 O-O 6. Bg5 Na6 7. Nf3 e5 8. d5 Qe8
9. g4 Nd7 10. Rg1 Kh8 11. Be2 Ndc5 12. Rg3 Bd7 13. a3 f5 14. gxf5 gxf5 15. Nh4
fxe4 16. Bh5 Qc8 17. Ng6+ hxg6 18. Bxg6 Nd3+ 19. Rxd3 Bg4 20. hxg4 exd3 21. Ne4
Nc5 22. Nxc5 dxc5 23. Be3 Kg8 24. Kd2 Rf6 25. Be4 Qf8 26. Qh1 Rh6 27. Qg2 Rb6
28. Kc3 a5 29. Qh3 Qd6 30. Qh7+ Kf8 31. Qf5+ Ke8 32. a4 Rb4 33. b3 b5 34. axb5
a4 35. Rxa4 Rbxa4 36. bxa4 Rxa4 37. Kxd3 Ra3+ 38. Ke2 Rc3 39. Qc8+ Kf7 40. Bf5
Rxc4 41. Be6+ Kf6 42. Qe8 1-0

[Event "BL 1415 Hamburger SK - SV Mülheim Nord"]
[Site "?"]
[Date "2015.02.21"]
[Round "10.5"]
[White "Levin, Felix"]
[Black "Ftacnik, Lubomir"]
[Result "1/2-1/2"]
[WhiteElo "2508"]
[BlackElo "2545"]
[PlyCount "94"]
[EventDate "2015.??.??"]

1. Nf3 Nf6 2. c4 c5 3. Nc3 e6 4. g3 b6 5. Bg2 Bb7 6. O-O Be7 7. Re1 Ne4 8. Nxe4
Bxe4 9. d3 Bb7 10. e4 Nc6 11. d4 Nxd4 12. Nxd4 cxd4 13. Qxd4 O-O 14. Bf4 Bc5
15. Qd2 Qe7 16. Red1 e5 17. Bg5 f6 18. Be3 Rad8 19. Bxc5 Qxc5 20. Rac1 d6 21.
Rc3 Qc8 22. b3 Qa8 23. Rd3 Bxe4 24. Bxe4 Qxe4 25. Rxd6 Rxd6 26. Qxd6 Qe2 27.
Qd5+ Rf7 28. Qd8+ Rf8 29. Qd2 Qxd2 30. Rxd2 g6 31. Kf1 Rf7 32. Rd6 f5 33. f3
Re7 34. Ke2 Kf7 35. g4 Re6 36. Rd5 Kf6 37. h4 Re7 38. c5 bxc5 39. Rxc5 e4 40.
gxf5 gxf5 41. Ra5 Kg6 42. fxe4 Rxe4+ 43. Kf3 Rxh4 44. Rxa7 h5 45. Rb7 Rh2 46.
a4 h4 47. Rb4 Rb2 1/2-1/2

[Event "BL 1415 Hamburger SK - SV Mülheim Nord"]
[Site "?"]
[Date "2015.02.21"]
[Round "10.6"]
[White "Rogozenco, Dorian"]
[Black "Feygin, Michael"]
[Result "1/2-1/2"]
[WhiteElo "2530"]
[BlackElo "2488"]
[PlyCount "47"]
[EventDate "2015.??.??"]

1. d4 e6 2. c4 Nf6 3. Nc3 Bb4 4. e3 c5 5. Nge2 b6 6. a3 Ba5 7. Rb1 Na6 8. Bd2
O-O 9. Ng3 Bb7 10. Bd3 cxd4 11. exd4 Bxc3 12. bxc3 d5 13. Qe2 dxc4 14. Bxc4 Nc7
15. O-O Rc8 16. Bd3 Qd6 17. Rfe1 Rfd8 18. Rbc1 Rd7 19. a4 h6 20. f3 Re8 21. Kh1
Bc6 22. Ra1 Rdd8 23. Qf2 Qd7 24. Ne4 1/2-1/2

[Event "BL 1415 Hamburger SK - SV Mülheim Nord"]
[Site "?"]
[Date "2015.02.21"]
[Round "10.8"]
[White "Mueller, Karsten"]
[Black "Dinstuhl, Volkmar"]
[Result "1-0"]
[WhiteElo "2532"]
[BlackElo "2413"]
[PlyCount "133"]
[EventDate "2015.??.??"]

1. e4 c5 2. Ne2 d6 3. g3 Nf6 4. Bg2 g6 5. c3 Bg7 6. d4 Na6 7. O-O O-O 8. h3 Rb8
9. a3 b6 10. Be3 Bb7 11. Nd2 e5 12. d5 Ne8 13. g4 Nac7 14. c4 Nf6 15. Ng3 Nd7
16. Qe2 a6 17. a4 b5 18. b3 Bc8 19. Rfb1 b4 20. Kh2 Ne8 21. Nf3 Rb7 22. Rh1 Bf6
23. Qd2 Ng7 24. Bf1 Be7 25. Bd3 Nf6 26. Bh6 Nfe8 27. Rag1 f6 28. Rg2 Rf7 29.
Kg1 Bf8 30. Kf1 Rbe7 31. Rhg1 Bd7 32. Nh4 Qc8 33. Ke1 Qd8 34. Kd1 Qc8 35. Kc1
Qd8 36. Kb1 Qc8 37. Nf3 Qd8 38. Nf1 Qc8 39. h4 Qc7 40. Ne3 Qc8 41. Qe2 Qc7 42.
Nd2 Qc8 43. f4 exf4 44. Bxf4 Qc7 45. Nf3 Bc8 46. Bh2 Qd8 47. h5 Nc7 48. hxg6
hxg6 49. Bg3 Nge8 50. Nh4 g5 51. Nhf5 Bxf5 52. Nxf5 Rd7 53. Rh2 Rh7 54. Rgh1
Rdf7 55. e5 dxe5 56. Ne7+ Qxe7 57. Bxh7+ Rxh7 58. Rxh7 Qxh7+ 59. Rxh7 Kxh7 60.
Qe4+ Kg7 61. Qf5 Bd6 62. Qd7+ Kg6 63. Kc2 Bf8 64. Kd1 Bd6 65. Ke2 Bf8 66. Bf2
Bd6 67. Qc6 1-0

[Event "BL 1415 SSC Rostock - SG Solingen"]
[Site "?"]
[Date "2015.02.21"]
[Round "10.1"]
[White "Ragger, Markus"]
[Black "Tomczak, Jacek"]
[Result "1-0"]
[WhiteElo "2652"]
[BlackElo "2552"]
[PlyCount "53"]
[EventDate "2015.??.??"]

1. Nf3 Nf6 2. c4 e6 3. g3 a6 4. Bg2 b5 5. b3 Bb7 6. Nc3 b4 7. Na4 Be7 8. O-O
O-O 9. d4 d6 10. a3 a5 11. Bb2 c5 12. dxc5 dxc5 13. Qxd8 Rxd8 14. Rfd1 Nbd7 15.
axb4 axb4 16. Ne5 Bxg2 17. Kxg2 Rac8 18. Nxd7 Nxd7 19. Rd3 Nb8 20. Nb6 Rc6 21.
Ra7 Rxd3 22. exd3 Bd8 23. Na4 f6 24. d4 cxd4 25. Bxd4 Bc7 26. Bc5 Na6 27. Bb6
1-0

[Event "BL 1415 SSC Rostock - SG Solingen"]
[Site "?"]
[Date "2015.02.21"]
[Round "10.2"]
[White "Brynell, Stellan"]
[Black "L'Ami, Erwin"]
[Result "1/2-1/2"]
[WhiteElo "2452"]
[BlackElo "2606"]
[PlyCount "79"]
[EventDate "2015.??.??"]

1. e4 e6 2. d4 d5 3. Nd2 Nf6 4. e5 Nfd7 5. c3 c5 6. Bd3 Nc6 7. Ne2 cxd4 8. cxd4
f6 9. exf6 Nxf6 10. O-O Bd6 11. Nf3 Qc7 12. g3 O-O 13. Bf4 e5 14. dxe5 Nxe5 15.
Nxe5 Bxe5 16. Rc1 Qd6 17. Bxe5 Qxe5 18. Qb3 Kh8 19. Qc3 Ng4 20. h3 Qxc3 21.
Rxc3 Ne5 22. Kg2 Bd7 23. Rd1 Rad8 24. Nd4 Rc8 25. Rxc8 Rxc8 26. Be2 g5 27. Nf3
Nxf3 28. Bxf3 Bc6 29. Rd4 Kg7 30. h4 h6 31. hxg5 hxg5 32. Bg4 Re8 33. f4 gxf4
34. gxf4 Kf6 35. Kf2 Rh8 36. Rd2 Rh2+ 37. Ke3 d4+ 38. Rxd4 Rxb2 39. Rd2 Rxd2
40. Kxd2 1/2-1/2

[Event "BL 1415 SSC Rostock - SG Solingen"]
[Site "?"]
[Date "2015.02.21"]
[Round "10.3"]
[White "Sandipan, Chanda"]
[Black "Szelag, Marcin"]
[Result "1/2-1/2"]
[WhiteElo "2574"]
[BlackElo "2439"]
[PlyCount "105"]
[EventDate "2015.??.??"]

1. d4 Nf6 2. c4 g6 3. Nc3 Bg7 4. e4 d6 5. Be2 O-O 6. Bg5 c5 7. d5 h6 8. Be3 e6
9. Nf3 Ng4 10. Bd2 exd5 11. exd5 Re8 12. O-O Bf5 13. h3 Nf6 14. Nh4 Nxd5 15.
Nxf5 Nxc3 16. Nxh6+ Bxh6 17. Bxc3 Nc6 18. Bf3 Bg7 19. Bd5 Bxc3 20. bxc3 Qf6 21.
f4 Ne7 22. Bxb7 Rab8 23. Qf3 Nf5 24. Rae1 Qh4 25. Be4 Rb2 26. Qg4 Qg3 27. Qxg3
Nxg3 28. Bf3 Rxe1 29. Rxe1 Rxa2 30. Re7 Kf8 31. Rd7 Ne2+ 32. Kh2 Nxc3 33. f5
gxf5 34. Bh5 a5 35. Bxf7 a4 36. h4 Re2 37. Bg6 a3 38. Rf7+ Kg8 39. h5 Re4 40.
g3 Re6 41. Ra7 Rf6 42. Rxa3 Ne2 43. Ra2 Nd4 44. Rf2 Kg7 45. Kh3 Kh6 46. Kh4 Kg7
47. Rf4 Rf8 48. g4 fxg4 49. h6+ Kxh6 50. Rxf8 Kxg6 51. Kxg4 Nc6 52. Rf4 Ne7 53.
Re4 1/2-1/2

[Event "BL 1415 SSC Rostock - SG Solingen"]
[Site "?"]
[Date "2015.02.21"]
[Round "10.4"]
[White "Gruenberg, Hans-Ulrich"]
[Black "Nikolic, Predrag"]
[Result "0-1"]
[WhiteElo "2375"]
[BlackElo "2588"]
[PlyCount "68"]
[EventDate "2015.??.??"]

1. d4 Nf6 2. c4 e6 3. Nf3 Bb4+ 4. Bd2 a5 5. a3 Bxd2+ 6. Qxd2 O-O 7. Nc3 d6 8.
e4 Qe7 9. e5 dxe5 10. dxe5 Nfd7 11. Bd3 Nc5 12. Bc2 b6 13. O-O-O Bb7 14. Qg5
Qxg5+ 15. Nxg5 h6 16. Nge4 Nxe4 17. Bxe4 Bxe4 18. Nxe4 Nc6 19. f4 Rfd8 20.
Rxd8+ Rxd8 21. Rd1 Nd4 22. g3 Kf8 23. b4 axb4 24. axb4 Ke7 25. Kb2 f5 26. Nc3
Nf3 27. Rxd8 Kxd8 28. h4 Nd2 29. c5 bxc5 30. bxc5 Kd7 31. Ne2 Ne4 32. Kb3 Nxc5+
33. Kc4 Ne4 34. h5 c5 0-1

[Event "BL 1415 SSC Rostock - SG Solingen"]
[Site "?"]
[Date "2015.02.21"]
[Round "10.5"]
[White "Naumann, Alexander"]
[Black "Ackermann, Hans Werner"]
[Result "1/2-1/2"]
[WhiteElo "2543"]
[BlackElo "2266"]
[PlyCount "165"]
[EventDate "2015.??.??"]

1. d4 Nf6 2. c4 e6 3. Nc3 Bb4 4. Qc2 O-O 5. Nf3 d6 6. g3 b6 7. Bg2 Bb7 8. O-O
Bxc3 9. Qxc3 a5 10. b3 Nbd7 11. Bb2 Be4 12. Rac1 Ra7 13. Bh3 Ba8 14. Nd2 Qe7
15. Rfe1 d5 16. Qc2 Rd8 17. cxd5 exd5 18. Nb1 Ne4 19. Nc3 Nxc3 20. Qxc3 Nf6 21.
f3 Re8 22. Rc2 Qb4 23. Qxb4 axb4 24. Bc1 h6 25. Bd2 c5 26. Kf2 Bb7 27. dxc5
bxc5 28. Rxc5 Rxa2 29. Bxb4 Rb2 30. Bc3 Rxb3 31. Ra1 Rb6 32. Bd4 Rc6 33. Ra7
Rxc5 34. Bxc5 Bc6 35. Bd4 Nh7 36. Bd7 Bxd7 37. Rxd7 Ng5 38. Rxd5 Ne6 39. Bb2
Rb8 40. Be5 Rc8 41. Rd2 Rc5 42. Bb2 Rc8 43. h4 h5 44. Ba3 Rc3 45. Bd6 Rc4 46.
Ra2 Rc6 47. Bb8 Rc8 48. Rb2 Rc5 49. Ba7 Rd5 50. e4 Ra5 51. Bb6 Ra8 52. Be3 Ra5
53. f4 Nc5 54. Kf3 Nd7 55. Bd4 Ra3+ 56. Kf2 Rd3 57. Rb4 Kf8 58. Ra4 f6 59. Be3
Kf7 60. Ke2 Rb3 61. Ra7 Ke8 62. Ra5 g6 63. f5 Rb2+ 64. Kd1 gxf5 65. Rxf5 Rb4
66. Rxh5 Rxe4 67. Bf4 Nf8 68. Rf5 Kf7 69. h5 Ne6 70. Bd2 Nd4 71. Ra5 Nb3 72.
Ra7+ Re7 73. Rxe7+ Kxe7 74. Be3 Na5 75. Bd4 Nc6 76. Bc3 Nd8 77. h6 Nf7 78. h7
Nh8 79. g4 Kf7 80. g5 fxg5 81. Bxh8 Kg6 82. Bf6 Kxh7 83. Bxg5 1/2-1/2

[Event "BL 1415 SSC Rostock - SG Solingen"]
[Site "?"]
[Date "2015.02.21"]
[Round "10.6"]
[White "Skibbe, Willi"]
[Black "Andersen, Mads"]
[Result "1-0"]
[WhiteElo "2275"]
[BlackElo "2494"]
[PlyCount "67"]
[EventDate "2015.??.??"]

1. d4 d5 2. c4 c6 3. Nf3 Nf6 4. Nc3 e6 5. Bg5 h6 6. Bh4 dxc4 7. e4 g5 8. Bg3 b5
9. Be2 Bb7 10. O-O Nbd7 11. d5 cxd5 12. exd5 Nxd5 13. Nxb5 Qb6 14. Bxc4 Rc8 15.
Qa4 a6 16. Nbd4 Qb4 17. Bb3 Qxa4 18. Bxa4 N5b6 19. Bb3 Bg7 20. Rad1 g4 21. Nh4
Nc5 22. Ndf5 exf5 23. Rfe1+ Ne4 24. Bd6 Bxb2 25. Nxf5 a5 26. a3 Bc3 27. Re2 Bf6
28. Ng3 Kd7 29. Nxe4 Bxe4 30. Be5+ Bd5 31. Bxf6 Rhe8 32. Bxd5 Rxe2 33. Bc4+ Nd5
34. Bxe2 1-0

[Event "BL 1415 SSC Rostock - SG Solingen"]
[Site "?"]
[Date "2015.02.21"]
[Round "10.7"]
[White "Wegerle, Joerg"]
[Black "Foerster, Jonas"]
[Result "1/2-1/2"]
[WhiteElo "2441"]
[BlackElo "2256"]
[PlyCount "91"]
[EventDate "2015.??.??"]

1. d4 Nf6 2. Bg5 g6 3. Bxf6 exf6 4. e3 Bg7 5. c4 O-O 6. Nc3 f5 7. g3 c5 8. Nge2
Nc6 9. dxc5 Qa5 10. Bg2 Qxc5 11. Qd5 Qxd5 12. Bxd5 Rb8 13. O-O a6 14. a4 Rd8
15. Rfd1 d6 16. Rd2 Be6 17. b3 Kf8 18. Nd4 Nxd4 19. exd4 Bd7 20. f4 Rdc8 21.
Kf2 Bc6 22. Raa2 Re8 23. Rd3 Rbc8 24. Rad2 Re7 25. Bf3 Rce8 26. d5 Bd7 27. Ne2
Rc8 28. Nd4 Be8 29. Re3 Bxd4 30. Rxd4 b5 31. Rxe7 Kxe7 32. cxb5 axb5 33. a5
Rc2+ 34. Be2 Rb2 35. b4 f6 36. Ke1 Kd8 37. h4 Kc7 38. Bd1 h6 39. Be2 g5 40. Bd3
Bd7 41. Be2 Rb3 42. Kf2 Kb7 43. Bh5 Rb2+ 44. Kf1 Rb3 45. Kf2 Rb2+ 46. Kf1
1/2-1/2

[Event "BL 1415 SSC Rostock - SG Solingen"]
[Site "?"]
[Date "2015.02.21"]
[Round "10.8"]
[White "Brack, Peter"]
[Black "Georgiadis, Nico"]
[Result "0-1"]
[WhiteElo "2059"]
[BlackElo "2488"]
[PlyCount "120"]
[EventDate "2015.??.??"]

1. Nf3 f5 2. b3 d6 3. e3 Nf6 4. Be2 g6 5. Bb2 Bg7 6. O-O e5 7. d4 e4 8. Nfd2
O-O 9. c4 c5 10. b4 cxd4 11. Bxd4 Nc6 12. Bc3 Qe7 13. Qb3 Be6 14. Qb2 Nd7 15.
Bxg7 Qxg7 16. Qxg7+ Kxg7 17. a3 Nce5 18. Ra2 Rfc8 19. Rc2 Rc7 20. Rfc1 Rac8 21.
Rc3 Nb6 22. f3 exf3 23. gxf3 Nexc4 24. Nxc4 Bxc4 25. Nd2 d5 26. Bd1 Rc6 27. f4
a6 28. Nf3 Bb5 29. Rxc6 Rxc6 30. Rxc6 Bxc6 31. Nd4 Bd7 32. Kf2 Nc4 33. a4 Nb2
34. Be2 Nxa4 35. Bf3 Nc3 36. Ke1 b6 37. Kd2 Ne4+ 38. Kc2 Kf6 39. h4 Ke7 40. Be2
a5 41. bxa5 bxa5 42. h5 gxh5 43. Bxh5 a4 44. Kb2 Kd6 45. Be2 Ng3 46. Bf3 Kc5
47. Kc3 Ne4+ 48. Kb2 Nd2 49. Kc3 Nxf3 50. Nxf3 h5 51. Nh4 d4+ 52. exd4+ Kd5 53.
Kd3 a3 54. Kc3 a2 55. Kb2 Kxd4 56. Kxa2 Ke4 57. Ng6 Be8 58. Nh4 Kxf4 59. Kb2
Bd7 60. Kc2 Kg3 0-1